Sermon panegirico del Principe de los Apostoles San Pedro que en la solemne festividad que hace esta santa iglesia catedral de Mexico dixo el M.R.P.M.Fr. Antonio Badilo... Sacalo a luz Don Pedro Verduga Blanco...

Detalles Bibliográficos
Autor principal: Badillo, Antonio
Formato: Libro
Lenguaje:Undetermined
Spanish
Publicado: Mexico : por D. Felipe de Zúñiga y Ontiveros, 1787.
Materias:
Colección:Banco de datos
Acervo:Biblioteca Palafoxiana. Colección bibliográfica
Descripción Física:[8], 19 p.; 4°
Tema general:Homilética
Notas:Número de localización: 15640-O
LEADER 00737nam a2200181Ia 4500
008 150723s9999 xx 000 0 und d
041 0 |a spa 
050 0 |a PAFX BV4207 C3 
100 1 |a Badillo, Antonio 
245 1 0 |a Sermon panegirico del Principe de los Apostoles San Pedro que en la solemne festividad que hace esta santa iglesia catedral de Mexico dixo el M.R.P.M.Fr. Antonio Badilo... Sacalo a luz Don Pedro Verduga Blanco... 
260 |a Mexico : por D. Felipe de Zúñiga y Ontiveros, 1787. 
300 |a [8], 19 p.; 4° 
500 |a Número de localización: 15640-O 
501 |a Encuadernado con 19 obras 
650 1 0 |a Homilética 
942 |c PALALIB 
943 |g Biblioteca Palafoxiana. Colección bibliográfica 
999 |c 1052929  |d 1052929